00355pab a2200133 454500008004000000100001700040245005700057260000900114300001300123362001100136650002200147700001800169773003400187180718b2010 xxu||||| |||| 00| 0 eng d aMehta, Meera aA glass half full? Urban development (1990s to 2010) c2010 ap.20-23. a10 Jul aUrban development aMehta, Dinesh aEconomic and Political Weekly